• 首页
  • 本馆介绍
  • 公告通知
  • 最新文献
  • 馆藏检索
  • 电子资源
  • 读者导购
  • 参考咨询
  • 我的图书馆
  • 登录
  • 详细信息显示
  • 放入我的书架
  • 预约/预借图书
  • 作者相关作品
  • 分类相关作品
  • 丛书相关作品
  • 出版社相关作品

书目信息

  • 表格格式
  • 工作单格式
  • 卡片格式
题名:
国际经济合作
    
 
作者: 卢进勇 , 杜奇华 著
分册:  
出版信息: 北京   对外经济贸易大学出版社  2000
页数: 444页
开本: 20cm
丛书名:
单 册:
中图分类: F114.4
科图分类:
主题词: 经济--世界 , 国际经济关系
电子资源:
ISBN: 7-81078-013-1
000 00650nam0 2200229 450
001 0630412297
005 20061012082928.98
010    @a7-81078-013-1@dCNY25.00
100    @a20061012d2000 km y0chiy0120 ea
101 0  @achi
102    @aCN@b110000
102    @aCN@b110000
200 1  @a国际经济合作@Aguo ji jing ji he zuo@f卢进勇,杜奇华著@Flu jin yong,du qi hua zhu
210    @a北京@c对外经济贸易大学出版社@d2000
215    @a444页@d20cm
606 0  @a经济@x世界
606 0  @a国际经济关系
690    @aF114.4@v3
701  0 @a卢进勇@Alu jin yong@4著
701  0 @a杜奇华@Adu qi hua@4著
801  0 @aCN@bPFT@c20061012
905    @a10447@dF114.4@e101
    
    国际经济合作/卢进勇,杜奇华著.-北京:对外经济贸易大学出版社,2000
    444页;20cm
    
    
    ISBN 7-81078-013-1:CNY25.00
    
●
相关链接 在E读中查询图书 在五车中查询图书 在当当中查询图书 在豆瓣中查询图书


正题名:国际经济合作     索取号:F114.4/101         预约/预借

序号 登录号 条形码 馆藏地/架位号 状态 备注
1 0501671   205016711   密集书库/ [索取号:F114.4/101] 在馆    
2 0501672   205016720   密集书库/ [索取号:F114.4/101] 在馆    
唐山师范学院图书馆 欢迎您!
大连网信软件有限公司© 版权所有